000 00468nam a22002057a 4500
003 bpm
005 20260416105034.0
008 260416b |||||||| |||| 00| e spa d
022 _a9500420201
024 _aS. C. C. / M. C. y E. M.:
040 _aAR-CtUCP
041 _aspa
080 _aCDU
100 _aBravo Pilar
245 _aBorges verbal
260 _aBuenos Aires
_bEmecé
_c1999
650 _aLiteratura - Ensayo
942 _cLIB
999 _c76649
_d76649